[Event "Mukachevo IM June 2019"]
[Site "Mukachevo"]
[Date "2019.06.29"]
[Round "9.1"]
[White "Oros, Robert"]
[Black "Sakun, Volodymyr"]
[Result "1/2-1/2"]
[WhiteElo "2321"]
[BlackElo "2349"]
[Annotator "NA"]
[PlyCount "55"]
[EventDate "2019.06.24"]
[EventType "tourn"]
[EventCountry "UKR"]
[SourceTitle "playchess.com"]
[Source "ChessBase"]
[SourceQuality "1"]
[TimeControl "40/5400+30:900+30"]

1. d4 {[%emt 0:00:00]} d5 {[%emt 0:00:00]} 2. c4 {[%emt 0:00:00]} c6 {[%emt 0:00:00]} 3. Nc3 {[%emt 0:00:13]} Nf6 {[%emt 0:00:00]} 4. Nf3 {[%emt 0:00:09]} e6 {[%emt 0:00:00]} 5. e3 {[%emt 0:00:09]} Nbd7 {[%emt 0:00:00]} 6. Bd3 {[%emt 0:00:15]} Bd6 {[%emt 0:00:17]} 7. O-O {[%emt 0:00:12]} O-O {[%emt 0:00:06]} 8. e4 {[%emt 0:00:16]} dxc4 {[%emt 0:00:24]} 9. Bxc4 {[%emt 0:00:10]} e5 {[%emt 0:00:06]} 10. Re1 {[%emt 0:02:39]} Qe7 {[%emt 0:02:25]} 11. h3 {[%emt 0:04:26]} b5 {[%emt 0:04:11]} ({Better is} 11... exd4 $11 12. Nxd4 Ne5) 12. Bd3 {[%emt 0:01:55]} Bb7 {[%emt 0:02:08]} 13. a4 {[%emt 0:02:21]} a6 {[%emt 0:02:55]} 14. Bg5 {[%emt 0:01:27]} h6 {[%emt 0:03:54]} 15. Bh4 {[%emt 0:02:23]} Rfd8 {[%emt 0:02:37]} 16. axb5 {[%emt 0:01:09]} axb5 {[%emt 0:00:46]} 17. Rxa8 {[%emt 0:00:33]} Bxa8 {[%emt 0:00:08]} 18. Qa1 {[%emt 0:04:07]} b4 $14 {[%emt 0:08:20]} (18... exd4 $11 19. Nxd4 Be5) 19. Ne2 {[%emt 0:02:53]} c5 {[%emt 0:01:57]} 20. d5 {[%emt 0:02:22]} g5 {[%emt 0:06:38]} 21. Nxg5 {[%emt 0:00:14]} hxg5 {[%emt 0:00:04]} 22. Bxg5 {[%emt 0:00:05]} Nf8 {[%emt 0:03:19]} 23. Ng3 {[%emt 0:00:34]} N8h7 {[%emt 0:00:17]} 24. Nf5 {[%emt 0:02:10]} Qf8 {[%emt 0:04:42]} 25. Nh6+ {[%emt 0:07:09]} Kg7 {[%emt 0:00:04]} 26. Nf5+ {[%emt 0:00:14]} Kg8 {[%emt 0:00:03]} 27. Nh6+ {[%emt 0:00:09]} Kg7 {[%emt 0:00:04]} 28. Nf5+ {[%emt 0:00:08]} 1/2-1/2

[Event "Mukachevo IM June 2019"]
[Site "Mukachevo"]
[Date "2019.06.29"]
[Round "9.2"]
[White "Karelina, Polina"]
[Black "Terbe, Zsuzsanna"]
[Result "0-1"]
[WhiteElo "1718"]
[BlackElo "2160"]
[Annotator "ChessBase"]
[PlyCount "28"]
[EventDate "2019.06.24"]
[EventType "tourn"]
[EventCountry "UKR"]
[SourceTitle "playchess.com"]
[Source "ChessBase"]
[SourceQuality "1"]
[TimeControl "40/5400+30:900+30"]

1. e4 {[%emt 0:00:00]} c5 {[%emt 0:00:00]} 2. Nc3 {[%emt 0:00:00]} Nc6 {[%emt 0:00:00]} 3. f4 {[%emt 0:00:00]} g6 {[%emt 0:00:00]} 4. Nf3 {[%emt 0:00:08]} Bg7 {[%emt 0:00:00]} 5. Bc4 {[%emt 0:00:33]} e6 {[%emt 0:00:03]} 6. a3 {[%emt 0:00:47]} Nge7 {[%emt 0:00:10]} 7. O-O {[%emt 0:00:40]} d5 {[%emt 0:00:11]} 8. Bb5 {[%emt 0:01:19]} O-O {[%emt 0:00:53]} 9. e5 {[%emt 0:01:57]} f6 {[%emt 0:06:02]} 10. Qe1 {[%emt 0:06:41]} fxe5 {[%emt 0:04:04]} 11. fxe5 {[%emt 0:02:00]} Nd4 {[%emt 0:07:21]} 12. Ba4 {[%emt 0:07:17]} Nxf3+ {[%emt 0:02:31]} 13. gxf3 {[%emt 0:01:02]} c4 {[%emt 0:00:50]} 14. Nd1 {[%emt 0:03:23]} b5 {[%emt 0:00:19]} 0-1

[Event "Mukachevo IM June 2019"]
[Site "Mukachevo"]
[Date "2019.06.29"]
[Round "9.3"]
[White "Terletsky, Oleg"]
[Black "Larkin, Vladyslav"]
[Result "1/2-1/2"]
[WhiteElo "2318"]
[BlackElo "2398"]
[Annotator "TA"]
[PlyCount "61"]
[EventDate "2019.06.24"]
[EventType "tourn"]
[EventCountry "UKR"]
[SourceTitle "playchess.com"]
[Source "ChessBase"]
[SourceQuality "1"]

{[%evp 21,61,0,0,4,14,0,-9,2,9,11,15,0,0,0,0,0,0,0,0,0,0,-4,0,0,7,0,0,0,0,0,4,0,0,0,0,0,0,0,0,0,0,0]} 1. d4 d5 2. c4 c6 3. cxd5 cxd5 4. Nf3 Nf6 5. Nc3 Nc6 6. Bf4 a6 7. e3 Bg4 8. Be2 e6 9. O-O Bd6 10. Bxd6 Qxd6 11. Rc1 O-O {The position is equal.} 12. Na4 {D13: Slav Defence: Exchange variation without ...Bf5} (12. h3 Bxf3 13. Bxf3 Rac8 14. Qd2 Ne7 15. Rc2 Rc7 16. Rfc1 Rfc8 17. a3 g6 18. Na4 Nd7 19. Be2 Rxc2 20. Rxc2 Rxc2 21. Qxc2 Qc6 22. Qxc6 Nxc6 {½-½ (34) Cheparinov,I (2682)-Salgado Lopez,I (2622) Dubai 2014}) 12... Nd7 13. Nd2 Bxe2 14. Qxe2 Rac8 15. Nb3 Rc7 16. Nac5 Nxc5 17. Rxc5 Rfc8 18. Rfc1 b6 19. R5c3 Nb8 $1 20. Rxc7 Rxc7 21. g3 $146 Rxc1+ 22. Nxc1 Qc6 23. Qd2 a5 24. Nd3 Nd7 25. b3 g6 26. Qc1 Qxc1+ 27. Nxc1 h5 28. Nd3 Kf8 29. Kf1 Ke7 30. Ke2 Kd6 31. Kd2 {Accuracy: White = 61%, Black = 85%.} 1/2-1/2

[Event "Mukachevo IM June 2019"]
[Site "Mukachevo"]
[Date "2019.06.29"]
[Round "9.4"]
[White "Priehoda, Vitezslav"]
[Black "Vachylia, Andrii"]
[Result "1/2-1/2"]
[WhiteElo "2361"]
[BlackElo "2263"]
[Annotator "NA"]
[PlyCount "69"]
[EventDate "2019.06.24"]
[EventType "tourn"]
[EventCountry "UKR"]
[SourceTitle "playchess.com"]
[Source "ChessBase"]
[SourceQuality "1"]
[TimeControl "40/5400+30:900+30"]

1. c4 {[%emt 0:00:00]} Nf6 {[%emt 0:00:00]} 2. d4 {[%emt 0:00:00]} g6 {[%emt 0:00:00]} 3. Nc3 {[%emt 0:00:02]} Bg7 {[%emt 0:00:00]} 4. e4 {[%emt 0:00:06]} d6 {[%emt 0:00:01]} 5. Be2 {[%emt 0:01:11]} O-O {[%emt 0:00:07]} 6. Nf3 {[%emt 0:00:03]} e5 {[%emt 0:00:08]} 7. O-O {[%emt 0:00:07]} Nc6 {[%emt 0:00:04]} 8. d5 {[%emt 0:00:08]} Ne7 {[%emt 0:00:04]} 9. Ne1 {[%emt 0:00:23]} Nd7 {[%emt 0:00:16]} 10. Be3 {[%emt 0:00:06]} f5 {[%emt 0:00:03]} 11. f3 {[%emt 0:00:06]} f4 {[%emt 0:04:43]} 12. Bf2 {[%emt 0:00:07]} g5 {[%emt 0:00:02]} 13. a4 {[%emt 0:00:17]} a5 {[%emt 0:01:23]} 14. Nd3 {[%emt 0:00:34]} Ng6 {[%emt 0:18:00] E99: King's Indian: Classical Main Line: 9 Ne1 Nd7 10 f3 f5} (14... b6 15. b4 axb4 16. Nxb4 Nf6 17. Be1 Rf7 18. Nd3 Ng6 19. Nf2 Bf8 20. Nb5 h5 21. a5 bxa5 22. Rxa5 Rxa5 23. Bxa5 g4 24. fxg4 hxg4 25. Bxg4 Nxg4 26. Nxg4 {0-1 (40) Kozul,Z (2608)-Vovk,A (2614) Trieste 2014}) 15. c5 {[%emt 0:01:12]} Rf7 {[%emt 0:01:28]} 16. Nb5 {[%emt 0:09:52]} Nf6 {[%emt 0:00:10]} 17. cxd6 $146 {[%emt 0:02:19]} ({Predecessor:} 17. Rc1 g4 18. cxd6 cxd6 19. Qc2 g3 20. hxg3 fxg3 21. Bxg3 Bh6 22. Nc7 Rb8 23. Bf2 Bd7 {1-0 (42) Koerant,F (1955)-Panagiotakos,P (1868) Athens 2013}) 17... cxd6 {[%emt 0:00:05]} 18. b4 {[%emt 0:02:28]} g4 {[%emt 0:01:06]} 19. bxa5 $14 {[%emt 0:00:06]} Rxa5 {[%emt 0:01:53]} 20. Rc1 {[%emt 0:04:56]} Bf8 {[%emt 0:04:16]} 21. Qc2 {[%emt 0:41:26]} Bd7 {[%emt 0:00:23]} 22. Qc7 {[%emt 0:00:12]} Qxc7 {[%emt 0:00:13]} 23. Rxc7 {[%emt 0:00:07]} Rxa4 {[%emt 0:00:17]} 24. Rxb7 {[%emt 0:01:26]} Rg7 {[%emt 0:02:06]} 25. Rc1 {[%emt 0:09:25]} h5 {[%emt 0:09:21]} 26. Kh1 {[%emt 0:09:03]} h4 {[%emt 0:04:24]} 27. Nc3 {[%emt 0:02:31]} Ra3 {[%emt 0:08:48]} 28. fxg4 {[%emt 0:01:04]} Bxg4 {[%emt 0:00:57]} 29. Rxg7+ {[%emt 0:00:07]} Bxg7 {[%emt 0:00:02]} 30. Bxg4 {[%emt 0:00:23]} Nxg4 {[%emt 0:00:04]} 31. h3 {[%emt 0:01:35]} Nxf2+ {[%emt 0:00:12]} 32. Nxf2 {[%emt 0:00:01]} f3 {[%emt 0:00:04]} 33. Ng4 {[%emt 0:06:39]} fxg2+ {[%emt 0:00:21]} 34. Kxg2 {[%emt 0:00:01]} Nf4+ {[%emt 0:00:12]} 35. Kh2 1/2-1/2

[Event "Mukachevo IM June 2019"]
[Site "Mukachevo"]
[Date "2019.06.29"]
[Round "9.5"]
[White "Boricsev, Oleg"]
[Black "Tiba, Vladyslav"]
[Result "1/2-1/2"]
[WhiteElo "2252"]
[BlackElo "2375"]
[Annotator "TA"]
[PlyCount "70"]
[EventDate "2019.06.24"]
[EventType "tourn"]
[EventCountry "UKR"]
[SourceTitle "playchess.com"]
[Source "ChessBase"]
[SourceQuality "1"]

{[%evp 21,70,0,0,-10,-8,2,-7,-89,-89,-89,-84,-104,-104,-103,-104,-108,-110,-111,-91,-79,-78,-78,-76,-88,-78,-85,-78,-92,-89,-92,-78,-70,-33,-30,-26,-48,-17,-19,-19,-33,-8,-8,-8,-8,-8,-2,0,0,0,-13,0]} 1. e4 c5 2. Nf3 e6 3. d4 cxd4 4. Nxd4 a6 5. c4 Nf6 6. Nc3 Bb4 7. Bd3 Nc6 8. Nxc6 dxc6 9. e5 Qd4 10. exf6 Bxc3+ 11. bxc3 Qxc3+ 12. Bd2 {B41: Sicilian: Kan Variation: 5 c4} Qxd3 13. fxg7 Rg8 14. Qe2 {[#]} (14. Bh6 $11 Qxc4 15. Qd6 Qc3+ {[%mdl 64] Double Attack} 16. Ke2 Qc4+ 17. Kd2 Qd5+ 18. Qxd5 exd5 19. Rhe1+ Be6 20. Rab1) (14. Bh6 Qg6 15. Qd2 e5 16. O-O-O Be6 17. Rhe1 f6 18. f4 Qxh6 19. Qd6 Kf7 {0-1 (50) Solodovnichenko,Y (2519)-Markus,R (2584) playchess.com INT 2005}) 14... Qxe2+ $1 $17 15. Kxe2 Rxg7 16. Bf4 $146 ({Predecessor:} 16. g3 e5 17. c5 Be6 18. Rhb1 O-O-O 19. Rb4 Rg4 20. Rxg4 Bxg4+ {½-½ (32) Nistor,V (1881)-Bucur,D (2012) Braila 2018}) 16... f6 17. c5 e5 18. Bg3 Be6 19. Rhd1 Bd5 20. f3 Ke7 21. Rd2 Ke6 22. Kf1 Rag8 23. Re1 h5 24. a3 Rd7 {[#] Threatens to win with ...Bc4+.} 25. Kf2 Rh7 26. Rd4 b5 {And now ...a5 would win.} 27. cxb6 Rb8 28. Rb1 Rxb6 29. Rxb6 exd4 $15 {[%mdl 4096] Endgame KRB-KRB} 30. Rb4 $1 c5 31. Rb6+ {The position is equal.} Kf5 {With the idea ...Rb7.} 32. Bd6 $1 c4 33. Bc5 Ke5 {White must now prevent ...Rd7.} 34. Bd6+ $1 Kf5 {Hoping for ...c3.} 35. Bc5 Ke5 {Accuracy: White = 64%, Black = 47%.} 1/2-1/2